Logo des clubs Européens - Statistiques

Statistiques générales
  • Ce quiz a été pris 222 fois
  • Le résultat moyen est 12 sur 16
Statistiques - réponses
Par images Réponse % Correct
Real Madrid
99%
AC Milan
95%
FC Barcelone
94%
Inter
90%
Chelsea
89%
Juventus
89%
Aston Villa
78%
FC Porto
78%
Real Sociedad
75%
Borussia Dortmund
72%
Bayer Leverkusen
68%
AS Rome
64%
Girondins de Bordeaux
59%
Besiktas
52%
Hambourg
48%
Bournemouth
44%
Aucun quiz correspondant
Distribution des résultats
% des personnes avec chaque résultat
Percentile par nombre de réponses
Votre historique - résultats
Vous n’avez pas pris ce quiz